Tradiční i současný romský (cikánsky) folklór

Rómsky tradičný piesňový folklór a jeho hlavné znaky. Rozdiely - Olašskí Rómovia a usadlí Rómovia. Skupiny ťahavých piesní, skupiny piesní a popevkov tanečných

Podrobná bibliografia
Ďalší autori: Gelnar, Jaromír (Compiler)
Médium: Článok
Jazyk:Slovak
Témy:
Zdroj: 1. Český lid 1. 0009-0794 1. Roč. 76, č. 1(1989), s. 39 - 46
LEADER 01090nab#a2200361#ar4500
001 000021997
003 SVKKK
005 00000000000000.0
008 c xo e sloo
FMT
038 |a SVKKK 
040 |a SVKKK  |b slo  |e AACR2 
041 0 |a slo  |b ger 
044 |a xo  |c SK 
080 |a 39  |2 1981 
090 |a C 531 
100 1 |a Davidová, Eva  |4 com 
245 1 0 |a Tradiční i současný romský (cikánsky) folklór  |c Davidová Eva, Gelnar Jaromír 
300 |b Fotogr. 5, noty, 
504 |a Res. nem., lit. v pozn 
520 2 |a Rómsky tradičný piesňový folklór a jeho hlavné znaky. Rozdiely - Olašskí Rómovia a usadlí Rómovia. Skupiny ťahavých piesní, skupiny piesní a popevkov tanečných 
650 0 4 |a folklór rómsky 
650 0 4 |a interpreti  |x ČSSR  |x štúdie 
650 0 4 |a piesne ľudové 
700 1 |a Gelnar, Jaromír  |4 com 
773 0 |t Český lid  |x 0009-0794  |g Roč. 76, č. 1(1989), s. 39 - 46 
957 |a ČSSR 
958 |a SV 
974 |d 940712  |a KKá 
992 |a RBX 
BAS
852 |a SVKKK  |b BIB 
998 |a ROM